| 000 | 00435cam a2200145 a 4500 | ||
|---|---|---|---|
| 001 | 000004099 | ||
| 005 | 20200929150714.0 | ||
| 008 | 790927s1938 nyua 000 0 eng d | ||
| 040 |
_aDO-SdBNP _bspa _cBNPHU |
||
| 082 |
_ann* _bnn* |
||
| 100 | 1 |
_aTownsend Nicholl, Louise.. _912205 |
|
| 245 | 1 | 4 |
_aThe blossom-print / _cLouise Townsend Nicholl. |
| 260 |
_aNew York : _bE. P. Dutton & Company, _c1938. |
||
| 300 |
_a156, [1] p. : _bil. ; _c21 cm. |
||
| 999 |
_c3917 _d3917 |
||